000 00515nam a22001817a 4500
999 _c26696
_d26696
003 BDDh-ASL
005 20231015030655.0
008 211015s1935 ii ||||| |||| 00| 0 u d
040 _aBDDh-ASL
_cBDDh-ASL
082 _a297.122
_bHAT
100 1 _95117
_aHaqqani, Abdul Haq
245 1 0 _aTafsir-e Haqqani, Vol.-7 & 8 : / تفسير حقانی
260 _aDelhi :
_bDarul Ishaat ,
_c1357 H. / 1935.
300 _a625 p. :
_c27 cm.
650 0 _91854
_aQuran
650 0 _95118
_aExegesis
942 _2ddc
_cBK